01464cam a22003375a 450000100090000000300090000900500170001800800410003502000350007602000390011104000380015008200170018810000490020524500550025425000200030926400600032930000430038933600260043233700280045833800270048650400520051365000640056565100100062965300260063965500240066594200120068999900170070195201500071895201350086895201230100313138060EG-ScBUE20220428100430.0030326s2003 dcua f b 001 0 eng d a0878403434 (pbk. : alk. paper) a9780878403431 (pbk. : alk. paper) aDLCbengerdacDLCdDLCdEG-ScBUE04a415bBAU2221 aBauer, Laurie,‏d1949-‏ eauthor.94067410aIntroducing linguistic morphology /cLaurie Bauer. aSecond edition. 1aWashington, D.C. :bGeorgetown University Press,c2003. ax, 366 pages :billustrations ;c22 cm 2rdacontentatextbtxt 2rdamediaaunmediatedbn 2rdacarrieravolumebnc aIncludes bibliographical references and index.  7aGrammar, Comparative and generalxMorphology.2BUEsh940369 2BUEsh bHHUUEENNcOctober2016 vReading book934232 2ddccBB c22767d22739 00102ddc40708BaccahaMAINbMAINc2NDd2016-08-07ePurchaseg316.00h25868l0o415 BAUp000033123r2025-07-15 00:00:00v395.00w2016-08-07yBB 00102ddc40708BaccahaMAINbMAINc2NDd2016-10-22ePurchaseg790.00l1o415 BAUp000034393r2025-07-15 00:00:00s2017-01-30yBB 00102ddc40708BaccahaMAINbMAINc2NDd2016-10-22ePurchaseg790.00l0o415 BAUp000034394r2025-07-15 00:00:00yBB